• 首页
  • 本馆介绍
  • 公告通知
  • 最新文献
  • 馆藏检索
  • 电子资源
  • 读者导购
  • 参考咨询
  • 我的图书馆
  • 登录
  • 详细信息显示
  • 放入我的书架
  • 预约/预借图书
  • 作者相关作品
  • 分类相关作品
  • 丛书相关作品
  • 出版社相关作品

书目信息

  • 表格格式
  • 工作单格式
  • 卡片格式
题名:
中初级英语考试指南
    
 
作者: 顾南华 编著
分册:  
出版信息: 武汉   华中工学院出版社  1984
页数: 762页
开本: 19cm
丛书名:
单 册:
中图分类: H31 , H31-62
科图分类:
主题词: 英语--自学参考资料 , 英语
电子资源:
ISBN:
000 00820nam0 2200277 45
001 0184003375
005 20040509154641.0
010    @dCNY2.85
091    @a9255.012
100    @a19950610d1984 em y0chiy0121 ea
101 0  @achi
102    @aCN@b430000
105    @ay z 000yy
106    @ar
200 10 @a中初级英语考试指南@Azhong chu ji ying yu kao shi zhi nan@e国内各类英语考试难点分析@f顾南华编著
210    @a武汉@c华中工学院出版社@d1984
215    @a762页@d19cm
517 1  @a国内各类英语考试难点分析@Aguo nei ge lei ying yu kao shi nan dian fen xi
606    @a英语@x自学参考资料
606 0  @a英语
690    @aH31@v3
690    @aH31-62
701  0 @a顾南华@Agu nan hua@4编著
801  0 @aCN@b上海图书馆@c20040509
801  2 @aCN@bNLC@c20040509
905    @f1@b134978@f5@b223913-917@dH31-62@e154
    
    中初级英语考试指南:国内各类英语考试难点分析/顾南华编著.-武汉:华中工学院出版社,1984
    762页;19cm
    
    
    ISBN :CNY2.85
    
●
相关链接 在E读中查询图书 在五车中查询图书 在当当中查询图书 在豆瓣中查询图书


正题名:中初级英语考试指南     索取号:H31-62/154         预约/预借

序号 登录号 条形码 馆藏地/架位号 状态 备注
1 0134978   001591156   第四借阅区/ [索取号:H31-62/154] 在馆    
2 0134979   202072345   第二样本阅览室/ [索取号:H31-62/154] 在馆    
3 0223913   000928054   第四借阅区/ [索取号:H31-62/154] 在馆    
4 0223914   000927974   第四借阅区/ [索取号:H31-62/154] 在馆    
5 0223915   000928018   第四借阅区/ [索取号:H31-62/154] 在馆    
6 0223916   000927938   第四借阅区/ [索取号:H31-62/154] 在馆    
7 0223917   000928090   第四借阅区/ [索取号:H31-62/154] 在馆    
唐山师范学院图书馆 欢迎您!
大连网信软件有限公司© 版权所有